000 00896nam a22002297a 4500
003 UA-OsUOA
001 44353
007 ta
008 20101012b un ||||| |||| 00| 0 ukr d
090 _a082
_bН34
942 _cBK
040 _aUA-OsUOA
_bukr
_cUA-OsUOA
_dUA-OsUOA
245 _aНауковий збірник музею української культури у Свиднику
_bСловацько-українські взаємини в області історії, культури, мови та літератури.
_cГол. ред. і упор. Сополига М.
300 _a495 с.
955 _a1
041 _aukr
080 _a082
260 _aСвидник
_c2007
650 7 _a08 Видання. Колективні праці
_2UDC
999 _c424416
_d424416